000 02935nam a2200529 i 4500
001 1518767631
005 20260212131403.0
007 t|
008 251016s2026 nyu c 000 1 eng
010 _a 2025937687
020 _a9780063429291
_qhardcover
035 _a(OCoLC)1518767631
040 _aDLC
_beng
_erda
_cDLC
042 _apcc
092 _ajunior fiction
_bKorman
100 1 _aKorman, Gordon,
_eauthor.
_4aut.
_95468
245 1 0 _aHypergifted /
_cGordon Korman.
246 3 _aHyper-gifted.
250 _aFirst edition.
264 1 _aNew York, New York :
_bHarper, an imprint of HarperCollinsPublishers,
_c[2026]
264 4 _c2026.
_aNew York, New York :
_bHarperCollinsPublishers,
300 _a260 pages ;
_c22 cm.
336 _atext
337 _aunmediated
338 _avolume
490 0 _aUngifted :
_v3
500 _aSequel to: Ungifted and Supergifted.
520 _a"School has never been a problem for twelve-year-old super-genius Noah Youkilis--at least not until he gets an admission letter to the prestigious Wilderton University. The last thing Noah wants is to go straight from eighth grade into college. Will his life ever just be normal?! Meanwhile, Noah's best friend, Donovan, has been looking forward all year to a summer of doing nothing. But when Wilderton allows Noah to bring a friend for the summer term, Donovan's parents jump at the chance. Suddenly, Donovan's summer of slack has turned into hanging with Noah and working as a summer camp counselor for professors' kids. Once they arrive on campus, Noah's determined to fit in--and to him, that means joining the top-secret Society of the Gavel. But becoming a Gaveler is harder than it seems, and it's made all the harder when Noah and Donovon smuggle Wilderton's mascot, a two-hundred-pound pig named Porquette, into their dorm ah and Donovan must combine all their middle-school smarts to keep their pig-sized secret, fix a haywire AI program before it pretty much ends the world, and keep track of Donovan's campers."--Provided by publisher.
521 1 _aAges 8-12
_bHarper.
521 1 _aGrades 4-6
_bHarper.
650 0 _aGifted children
_vJuvenile fiction.
_95673910
650 0 _aRobots
_vJuvenile fiction.
_95680206
650 0 _aRobotics
_vJuvenile fiction.
_96411555
650 0 _aMiddle schools
_vJuvenile fiction.
_95675274
650 0 _aFriendship in adolescence
_vJuvenile fiction.
_95743725
650 0 _aClubs
_vJuvenile fiction.
_95687793
650 1 _aGifted children
_vFiction.
_95673915
650 1 _aRobots
_vFiction.
_95680224
650 1 _aRobotics
_vFiction.
_95795605
650 1 _aMiddle schools
_vFiction.
_95675986
650 1 _aSchools
_vFiction.
_95673727
650 1 _aFriendship
_vFiction.
_95673769
650 1 _aClubs
_vFiction.
_95675987
650 1 _aHumorous stories.
655 7 _aHumorous fiction.
_2lcgft.
942 _2ddc
_cBOOK
999 _c416381
_d416381